000
00291nam a2200109Ia 4500
100
_a
#N/A
942
_c
BK
654
_a
conference
245
_a
Proceedings of the first National Conference on Development & Challenge in Manufacturing Engineering - 2004
260
_b
#N/A
546
_a
ENGLISH
999
_c
24421
_d
24421